Statistics for Last Countries to Abolish Slavery

Click here to take the quiz!

General Stats

  • This quiz has been taken 2,212 times
  • The average score is 10 of 21

Answer Stats

Year Answer % Correct
1906China
74%
1962Saudi Arabia
73%
1928Iran
68%
1924Iraq
65%
1945Japan
64%
1962Yemen
63%
1970Oman
62%
1952Qatar
58%
1963United Arab Emirates
56%
1923Afghanistan
46%
1960Niger
45%
1902Ethiopian Empire
44%
1912Siam (Thailand)
41%
1936Northern Nigeria
39%
1981Mauritania
39%
1922Morocco
38%
1945Germany
27%
1921Nepal
25%
1928Sierra Leone
11%
1959Tibet
5%
1904Ngazidja (Comoros)
5%

Score Distribution

Percentile by Number Answered

Percent of People with Each Score

Your Score History

You have not taken this quiz